[Event "FIDE Online Olympiad"]
[Site "Chess.com"]
[Date "2020.08.02"]
[EventDate "2020.07.31"]
[Round "7"]
[Result "1-0"]
[White "Denyefa Callistus Eyetonghan"]
[Black "Abdalla Mansoor Abdalla"]
[WhiteElo "2034"]
[BlackElo "1833"]
[PlyCount "61"]

1. d4 d5 2. c4 e5 3. dxe5 d4 4. Nf3 Nc6 5. e3 Bb4+ 6. Bd2 dxe3
7. fxe3 Bxd2+ 8. Nbxd2 Nge7 9. Be2 Ng6 10. O-O Ngxe5 11. Qa4
O-O 12. Rad1 Qe7 13. Nd4 Ng4 14. Bxg4 Qxe3+ 15. Kh1 Bxg4
16. N4f3 Rad8 17. Rde1 Qh6 18. c5 Qh5 19. Ne4 f5 20. Neg5 Bxf3
21. Nxf3 Rb8 22. Qf4 Qf7 23. b4 a5 24. b5 Nb4 25. Ng5 Qxa2
26. Qxc7 Rbe8 27. Re7 Rxe7 28. Qxe7 Qc4 29. Re1 Nd3 30. Ne6
Nf2+ 31. Kg1 1-0

[Event "FIDE Online Olympiad"]
[Site "Chess.com"]
[Date "2020.08.02"]
[EventDate "2020.07.31"]
[Round "7"]
[Result "1-0"]
[White "Eyhab Rawan"]
[Black "Jessica Pelomoh"]
[WhiteElo "1521"]
[BlackElo "1737"]
[PlyCount "51"]

1. d4 Nf6 2. Bf4 g6 3. e3 Bg7 4. c3 d6 5. h3 Nbd7 6. Nf3 O-O
7. Nbd2 Re8 8. Be2 e5 9. dxe5 dxe5 10. Bg3 Nh5 11. Bh2 b6
12. O-O Bb7 13. Nc4 e4 14. Nd4 Nhf6 15. Qc2 Nc5 16. Rad1 Qe7
17. Ne5 Nd5 18. Ndc6 Qf6 19. Rxd5 Bxc6 20. Nxc6 Qxc6 21. Rfd1
Qf6 22. Bxc7 Rac8 23. Bf4 h6 24. Bb5 Red8 25. Be5 Qe6
26. Rxd8+ 1-0

[Event "FIDE Online Olympiad"]
[Site "Chess.com"]
[Date "2020.08.02"]
[EventDate "2020.07.31"]
[Round "8"]
[Result "1-0"]
[White "Oyon Marius Claude Amba"]
[Black "Salim Al Amri Salim Mohammed"]
[WhiteElo "1966"]
[BlackElo "2032"]
[PlyCount "93"]

1. e4 e5 2. Nf3 Nc6 3. Bb5 a6 4. Ba4 Nf6 5. O-O b5 6. Bb3 Be7
7. Re1 O-O 8. c3 d6 9. h3 Na5 10. Bc2 c5 11. d4 Qc7 12. Nbd2
cxd4 13. cxd4 Nc6 14. dxe5 dxe5 15. Nf1 Nb4 16. Bb3 h6 17. a3
Rd8 18. Qe2 Nd3 19. Rd1 Nxc1 20. Rdxc1 Qb8 21. Ng3 Ra7 22. Nh4
Rc7 23. Nhf5 Bf8 24. Qf3 Nh7 25. Rd1 Bb7 26. Qg4 Kh8 27. Qh4
Rcd7 28. Rxd7 Rxd7 29. Qg4 Qc7 30. Qf3 Qc6 31. Bd5 Qc7
32. Bxb7 Qxb7 33. Rc1 Rd2 34. Qc3 Qd7 35. Ne3 Qd4 36. Qc6 Qxb2
37. Rf1 Qxa3 38. Qe8 Qe7 39. Qa8 Ra2 40. Ngf5 Qc5 41. Qe8 Qc6
42. Qxc6 b4 43. Qd5 Rb2 44. Qxf7 a5 45. Nc4 Rc2 46. Nxe5 a4
47. Ng6# 1-0

[Event "FIDE Online Olympiad"]
[Site "Chess.com"]
[Date "2020.08.02"]
[EventDate "2020.07.31"]
[Round "8"]
[Result "1-0"]
[White "Grace Christie Youwou Pedhom"]
[Black "Wafia Al Ghafri"]
[WhiteElo "1360"]
[BlackElo "1495"]
[PlyCount "97"]

1. d4 Nf6 2. c4 g6 3. Nc3 Bg7 4. Nf3 O-O 5. e3 c5 6. Be2 cxd4
7. exd4 e6 8. b3 d5 9. O-O Nc6 10. Bb2 dxc4 11. Bxc4 b6
12. Re1 Bb7 13. a4 Na5 14. Be2 Qd6 15. Ba3 Qc7 16. Bxf8 Rxf8
17. Nb5 Qb8 18. Rc1 Nd5 19. Bc4 a6 20. Bxd5 Bxd5 21. Nc3 Bxb3
22. Qd3 Bc4 23. Qe3 Rd8 24. Ne5 Qd6 25. Red1 Bd5 26. Qf4 f6
27. Nxd5 exd5 28. Nd3 Nc6 29. Rb1 Nxd4 30. Qxd4 f5 31. Qxb6
Qxb6 32. Rxb6 Re8 33. Rxa6 Re4 34. Ra8+ Kf7 35. a5 Kf6 36. a6
Ra4 37. Nc5 Ra5 38. Nb7 Ra2 39. a7 Kg5 40. Re8 Rxa7 41. Re7
Kh6 42. g3 d4 43. Rd7 Bf6 44. Kg2 Bg7 45. Re1 Bf6 46. Re6 Kg5
47. Rxh7 d3 48. f4+ Kg4 49. h3# 1-0

[Event "FIDE Online Olympiad"]
[Site "Chess.com"]
[Date "2020.08.02"]
[EventDate "2020.07.31"]
[Round "8"]
[Result "1-0"]
[White "Omar Eltigani"]
[Black "Simphiwe Dlamini"]
[WhiteElo "2283"]
[BlackElo "1554"]
[PlyCount "83"]

1. d4 Nf6 2. c4 e5 3. dxe5 Ng4 4. Bf4 Nc6 5. Nf3 Bb4+ 6. Nbd2
Qe7 7. e3 Ngxe5 8. Be2 O-O 9. O-O d6 10. a3 Bc5 11. b4 Bb6
12. Nb3 a5 13. b5 Nxf3+ 14. Bxf3 Ne5 15. Be2 Be6 16. Rc1 c5
17. bxc6 bxc6 18. Nd4 Bd7 19. Qc2 Bc5 20. a4 Qf6 21. Bg3 Rab8
22. Rfd1 Rb4 23. Nb3 Be6 24. Nd2 Rfb8 25. Ne4 Qf5 26. Nxc5
Qxc2 27. Rxc2 Rb1 28. Bxe5 Rxd1+ 29. Bxd1 Rb1 30. Rd2 Bg4
31. f3 Bf5 32. Rxd6 f6 33. e4 Bg6 34. Bc3 f5 35. Kf2 fxe4
36. fxe4 Rc1 37. Bb2 Rb1 38. Bc3 Bf7 39. Rd8+ Be8 40. Rxe8+
Kf7 41. Rd8 g6 42. e5 1-0

[Event "FIDE Online Olympiad"]
[Site "Chess.com"]
[Date "2020.08.02"]
[EventDate "2020.07.31"]
[Round "8"]
[Result "1-0"]
[White "Simelane Wandile"]
[Black "Maher Musa"]
[WhiteElo "1560"]
[BlackElo "1914"]
[PlyCount "95"]

1. e4 c5 2. Nf3 g6 3. d4 cxd4 4. Nxd4 Nc6 5. Be2 Bg7 6. Nxc6
bxc6 7. O-O d6 8. c3 Nf6 9. Bf3 O-O 10. Re1 Bd7 11. Bg5 Qb6
12. Qd2 Rab8 13. b3 c5 14. e5 Nh5 15. Bxe7 Rfe8 16. Bxd6 Rbd8
17. Na3 Bf8 18. Nc4 Qa6 19. Bxh5 gxh5 20. Qg5+ Kh8 21. Qxh5
Be6 22. Bxf8 Rxf8 23. Nd6 Qc6 24. Qg5 f6 25. Qf4 Rd7 26. Rad1
Rg7 27. Qe4 Qd7 28. exf6 Rxf6 29. g3 Bg4 30. Qe8+ Qxe8
31. Nxe8 Bxd1 32. Rxd1 Re6 33. Nxg7 Kxg7 34. Rd7+ Kf6 35. Rxa7
Re2 36. a4 Rb2 37. Rb7 h5 38. a5 Ra2 39. b4 c4 40. Rb6+ Kg5
41. a6 Kg4 42. Kg2 Ra3 43. b5 Rxc3 44. a7 Ra3 45. Ra6 Rb3
46. a8=Q c3 47. Qe4+ Kg5 48. Rg6# 1-0

[Event "FIDE Online Olympiad"]
[Site "Chess.com"]
[Date "2020.08.02"]
[EventDate "2020.07.31"]
[Round "8"]
[Result "1-0"]
[White "Fadi Eid"]
[Black "Oladapo Oluto Adu"]
[WhiteElo "2337"]
[BlackElo "2327"]
[PlyCount "109"]

1. e4 d6 2. d4 g6 3. Nc3 Bg7 4. Be3 a6 5. a4 b6 6. Bc4 Bb7
7. f3 Nf6 8. Bb3 O-O 9. Nge2 c5 10. Qd2 cxd4 11. Nxd4 Nc6
12. Nxc6 Bxc6 13. O-O Qc7 14. Rfd1 Rfc8 15. Bd4 Rab8 16. Qe2
Qb7 17. e5 dxe5 18. Bxe5 Ra8 19. Rd2 Rd8 20. Rad1 Rxd2
21. Rxd2 Re8 22. Bc4 Ra8 23. Qd1 Qc8 24. Bb3 b5 25. Qe2 b4
26. Nd1 Ne4 27. fxe4 Bxe5 28. Bd5 e6 29. Bxc6 Qxc6 30. b3 Rc8
31. g3 Kg7 32. Nf2 h5 33. Qd3 a5 34. Kg2 Qc5 35. Qf3 Bc3
36. Rd7 Rf8 37. Nd3 Qc6 38. Ra7 Bd4 39. Rxa5 Qxc2+ 40. Kh3
Qxb3 41. e5 Qc4 42. Rb5 b3 43. Qf6+ Kg8 44. Nf4 Be3 45. Kh4
Qxa4 46. Kg5 Kh7 47. Rb7 Qe8 48. Qxg6+ Kh8 49. Qh6+ Kg8
50. Kf6 Qd8+ 51. Re7 Qxe7+ 52. Kxe7 Bb6 53. Nxh5 Bd8+ 54. Kd7
f5 55. Qg7# 1-0

[Event "FIDE Online Olympiad"]
[Site "Chess.com"]
[Date "2020.08.02"]
[EventDate "2020.07.31"]
[Round "8"]
[Result "1-0"]
[White "Elena Nekrasova"]
[Black "Toritsemuwa Ofowino"]
[WhiteElo "1920"]
[BlackElo "1959"]
[PlyCount "125"]

1. e4 d6 2. d4 Nf6 3. Nc3 c6 4. g3 Qc7 5. Bg2 e5 6. Nge2 Be7
7. a4 a5 8. h3 O-O 9. Be3 Nbd7 10. O-O Rd8 11. f4 Nf8 12. Qe1
b6 13. Qf2 N8d7 14. Rad1 Ba6 15. Rfe1 c5 16. dxe5 dxe5 17. Nd5
Nxd5 18. exd5 Bd6 19. b3 c4 20. fxe5 Bxe5 21. d6 Bxd6 22. Bxa8
Rxa8 23. Bf4 Bxf4 24. Qxf4 Qxf4 25. Nxf4 Nc5 26. Nd5 cxb3
27. cxb3 Bb7 28. Nxb6 Rf8 29. Nd7 Nxd7 30. Rxd7 Bc6 31. Ra7
Bd5 32. Re3 Rb8 33. Rxa5 Be6 34. Rb5 Ra8 35. Rc3 g6 36. h4 Rd8
37. Kf2 Kg7 38. Ke3 Rd1 39. a5 Ra1 40. b4 Rg1 41. Kd4 Rd1+
42. Ke5 Ra1 43. Rb6 Re1+ 44. Kf4 Rf1+ 45. Ke3 Rg1 46. Kf2 Ra1
47. a6 Bd5 48. Rc5 Bh1 49. Rc7 Ra2+ 50. Ke3 Ra3+ 51. Kf4 Ra4
52. a7 Bd5 53. Rb8 Bh1 54. Rcb7 Bxb7 55. Rxb7 Kf6 56. g4 h6
57. g5+ hxg5+ 58. hxg5+ Ke6 59. Ke4 Ra1 60. b5 Kd6 61. b6 Ra4+
62. Kd3 Kc6 63. Rb8 1-0

[Event "FIDE Online Olympiad"]
[Site "Chess.com"]
[Date "2020.08.02"]
[EventDate "2020.07.31"]
[Round "8"]
[Result "1-0"]
[White "Samer Salman"]
[Black "Issac Okeke"]
[WhiteElo "1735"]
[BlackElo "1728"]
[PlyCount "35"]

1. e4 c5 2. Nf3 d6 3. d4 cxd4 4. Nxd4 Nf6 5. Nc3 a6 6. Bc4 e6
7. Be3 b5 8. Bb3 Bb7 9. f3 Nc6 10. Nxc6 Bxc6 11. a4 b4 12. Ne2
Be7 13. O-O O-O 14. Nd4 Bb7 15. a5 d5 16. e5 Nd7 17. f4 Qc7
18. Qg4 1-0

[Event "FIDE Online Olympiad"]
[Site "Chess.com"]
[Date "2020.08.02"]
[EventDate "2020.07.31"]
[Round "8"]
[Result "1-0"]
[White "Iyefu Joy Onoja"]
[Black "Nour Assoum"]
[WhiteElo "1768"]
[BlackElo "1400"]
[PlyCount "49"]

1. d4 Nf6 2. b3 e6 3. Bb2 d5 4. e3 c5 5. c4 cxd4 6. Bxd4 dxc4
7. Bxc4 Be7 8. Nf3 O-O 9. O-O Nc6 10. Bb2 Qc7 11. Nc3 a6
12. Rc1 b5 13. Bd3 Bb7 14. Bb1 Ne5 15. Nxe5 Qxe5 16. Ne4 Qb8
17. Nxf6+ gxf6 18. Qh5 f5 19. Qh6 f6 20. Rc2 Qd6 21. Rfc1 Qd5
22. f3 Kh8 23. Rc7 Rae8 24. Rxe7 Qd2 25. Qxh7# 1-0

[Event "FIDE Online Olympiad"]
[Site "Chess.com"]
[Date "2020.08.02"]
[EventDate "2020.07.31"]
[Round "8"]
[Result "1-0"]
[White "Sidi Boidiya"]
[Black "Tokelo Klaas"]
[WhiteElo "2065"]
[BlackElo "1857"]
[PlyCount "65"]

1. e4 c5 2. Nf3 Nc6 3. g3 g6 4. Bg2 Bg7 5. O-O e6 6. d3 Nge7
7. Nc3 a6 8. a4 O-O 9. Be3 Nd4 10. Qd2 d5 11. exd5 Nxd5
12. Nxd5 exd5 13. Nxd4 cxd4 14. Bh6 Be6 15. Bxg7 Kxg7 16. Qb4
Qf6 17. Rfe1 Rac8 18. Rac1 Rc7 19. h3 Rfc8 20. Re2 h5 21. Qb3
Qg5 22. Rce1 Qf6 23. Kh2 h4 24. a5 hxg3+ 25. fxg3 Rc5 26. Qxb7
R8c7 27. Qxa6 R5c6 28. Qb5 Rxc2 29. Qb4 Rxe2 30. Rxe2 Kh7
31. Qd2 Qd8 32. b4 Rc3 33. Qb2 1-0

[Event "FIDE Online Olympiad"]
[Site "Chess.com"]
[Date "2020.08.02"]
[EventDate "2020.07.31"]
[Round "8"]
[Result "1-0"]
[White "Khalema Sechaba"]
[Black "Ahmed Taleb Mohamed"]
[WhiteElo "1827"]
[BlackElo "1978"]
[PlyCount "129"]

1. d4 Nf6 2. c4 e5 3. dxe5 Ng4 4. Qd4 d6 5. exd6 Nc6 6. Qd2
Bxd6 7. Nf3 Bf5 8. a3 O-O 9. e3 Qf6 10. Nc3 Nce5 11. Nd5 Qh6
12. Nd4 Be4 13. f3 Bxd5 14. cxd5 Nxh2 15. Kd1 Nxf1 16. Rxf1
Nc4 17. Qc3 Nb6 18. e4 Qg6 19. g4 Be5 20. Be3 Na4 21. Qb4 Qa6
22. Qb5 Nxb2+ 23. Ke2 Qxb5+ 24. Nxb5 c6 25. dxc6 bxc6 26. Nd4
Na4 27. Rac1 c5 28. Nc6 Bb2 29. Rc4 Nb6 30. Rxc5 Bxa3 31. Ra5
Nc4 32. Ra4 Nxe3 33. Kxe3 Bc5+ 34. Kf4 Rfc8 35. Ra6 Kf8
36. Rc1 Bb4 37. Rc2 Bd6+ 38. e5 Bc7 39. Ke4 Bb6 40. f4 Ke8
41. f5 Rc7 42. e6 fxe6 43. fxe6 Rac8 44. Kd5 Be3 45. Ra3 Bg5
46. Ra6 h6 47. Rf2 Bf6 48. Rfa2 Kf8 49. Kd6 Bg5 50. Rf2+ Bf6
51. Nxa7 Rc2 52. Nxc8 Rxf2 53. Kd7 Rd2+ 54. Nd6 Kg8 55. e7
Bxe7 56. Kxe7 Rd4 57. g5 hxg5 58. Ra5 Rg4 59. Ke6 Rg1 60. Kf5
g4 61. Kg6 Kf8 62. Nf5 Ke8 63. Rd5 g3 64. Rd2 g2 65. Nxg7+ 1-0

[Event "FIDE Online Olympiad"]
[Site "Chess.com"]
[Date "2020.08.02"]
[EventDate "2020.07.31"]
[Round "8"]
[Result "1-0"]
[White "Taleb Mohamed Mohamed Abderrahim"]
[Black "Lebajoa Tsephe"]
[WhiteElo "1811"]
[BlackElo "1698"]
[PlyCount "103"]

1. e4 c5 2. Nf3 d6 3. d4 cxd4 4. Nxd4 Nf6 5. Nc3 g6 6. Be3 Bg7
7. Bc4 Ng4 8. O-O O-O 9. Bg5 Qa5 10. Bxe7 Qe5 11. Nf3 Qxe7
12. Nd5 Qd8 13. Nd4 Nc6 14. c3 Qh4 15. h3 Be5 16. Nf3 Qh6
17. hxg4 Bxg4 18. g3 Qh5 19. Nxe5 Nxe5 20. Nf6+ Kh8 21. Nxh5
Bxd1 22. Raxd1 Nxc4 23. Nf6 Kg7 24. Nd5 f5 25. Nc7 fxe4
26. Nxa8 Rxa8 27. Rd4 b5 28. b3 Ne5 29. Rxd6 Rc8 30. Re6 Nf3+
31. Kg2 Rxc3 32. Re7+ Kf6 33. Rxa7 Nd4 34. Rxh7 Rc2 35. Ra7
Nf5 36. Kg1 Nd4 37. Rd1 Nf3+ 38. Kg2 g5 39. Rd5 Ke6 40. Rxb5
g4 41. Rb6+ Kd5 42. Ra5+ Kd4 43. Rb4+ Kd3 44. Rd5+ Kc3
45. Rc4+ Kb2 46. Rxc2+ Kxc2 47. b4 Ne1+ 48. Kf1 Nd3 49. b5 Nb4
50. Rc5+ Kd3 51. b6 e3 52. fxe3 1-0

[Event "FIDE Online Olympiad"]
[Site "Chess.com"]
[Date "2020.08.02"]
[EventDate "2020.07.31"]
[Round "8"]
[Result "1-0"]
[White "Estube Haileselassie Tadese"]
[Black "Petros Mfune"]
[WhiteElo "2097"]
[BlackElo "2025"]
[PlyCount "107"]

1. Nf3 Nf6 2. d3 d5 3. Nbd2 g6 4. e4 dxe4 5. dxe4 Bg7 6. Bc4
O-O 7. Qe2 Bg4 8. h3 Bxf3 9. Nxf3 e5 10. O-O Nc6 11. c3 h6
12. b4 Qe7 13. a4 Rfd8 14. Ba3 Qe8 15. b5 Na5 16. Ba2 b6
17. c4 c5 18. Bb2 Nd7 19. Rfd1 f6 20. Rd5 Nf8 21. Bc3 Nb7
22. a5 Ne6 23. a6 Nd6 24. Rad1 Nf4 25. Qe3 Nxd5 26. Rxd5 Kh7
27. g4 Nf7 28. h4 Rd6 29. Bb1 Rad8 30. h5 Qe6 31. hxg6+ Kxg6
32. Nh4+ Kh7 33. Nf5 R6d7 34. Bd3 Kh8 35. Be2 Ng5 36. Kg2 Kh7
37. Bd2 Rh8 38. Qd3 Rhd8 39. Bxg5 hxg5 40. Qh3+ Kg8 41. Qd3
Bf8 42. Qh3 Qf7 43. Qd3 Qh7 44. Qf3 Kf7 45. Ng3 Rxd5 46. exd5
Bd6 47. Bd3 Qg8 48. Ne4 Be7 49. d6 Bxd6 50. Qxf6+ Ke8
51. Nxd6+ Kd7 52. Nf7 Rf8 53. Qd6+ Ke8 54. Qe6# 1-0

[Event "FIDE Online Olympiad"]
[Site "Chess.com"]
[Date "2020.08.02"]
[EventDate "2020.07.31"]
[Round "8"]
[Result "1-0"]
[White "Ruth Leykun Eshete"]
[Black "Anne Simwaba"]
[WhiteElo "1464"]
[BlackElo "1272"]
[PlyCount "85"]

1. d4 e6 2. c4 d5 3. a3 Nf6 4. Nc3 c5 5. Nf3 dxc4 6. Bg5 Be7
7. e3 h6 8. Bh4 Nd5 9. Bxe7 Qxe7 10. Bxc4 Nxc3 11. bxc3 cxd4
12. cxd4 Nc6 13. O-O O-O 14. Qd3 b6 15. Rac1 Bb7 16. Ba2 Rac8
17. Bb1 f5 18. Ba2 Nb8 19. Ne5 Qd6 20. Qb3 Qd5 21. Qxd5 exd5
22. Ng6 Rfe8 23. Rxc8 Rxc8 24. Ne7+ Kf7 25. Nxc8 Bxc8
26. Bxd5+ Be6 27. Bxe6+ Kxe6 28. Rc1 Kd6 29. f3 g5 30. Rc8 Nd7
31. Rh8 f4 32. exf4 gxf4 33. Rxh6+ Kd5 34. h4 Nf8 35. Rf6 Ne6
36. Kf2 Nxd4 37. Rxf4 Ne6 38. Rf5+ Kd6 39. Rf6 Ke7 40. Rxe6+
Kxe6 41. g4 Kf6 42. h5 Kg7 43. g5 1-0

[Event "FIDE Online Olympiad"]
[Site "Chess.com"]
[Date "2020.08.02"]
[EventDate "2020.07.31"]
[Round "8"]
[Result "1-0"]
[White "Ellen Mpinganjira"]
[Black "Merhawit Brhane Gebratsadik"]
[WhiteElo "1381"]
[BlackElo "1393"]
[PlyCount "95"]

1. e4 e5 2. Nf3 Nc6 3. Bb5 f6 4. d3 a6 5. Ba4 b5 6. Bb3 Nge7
7. O-O d6 8. h3 Bb7 9. a3 a5 10. Nc3 Ba6 11. Ne2 Ng6 12. Ng3
Bc8 13. Nh2 Nd4 14. Ba2 Be7 15. c3 Ne6 16. Qb3 c6 17. Qd1 h6
18. Kh1 Nc7 19. Qh5 Be6 20. Qxg6+ Kd7 21. Qxg7 Bxa2 22. Rxa2
Ne6 23. Qg4 Rf8 24. Bxh6 Rg8 25. Qf5 Rh8 26. Bd2 Qg8 27. Ng4
Kc7 28. Raa1 Ng7 29. Qf3 a4 30. Nxf6 Bxf6 31. Qxf6 Rf8
32. Qe7+ Kc8 33. Qxd6 Kb7 34. Be3 Rd8 35. Qc5 Kc7 36. Qa7+ Kc8
37. Bb6 Ne6 38. Nf5 Rh7 39. Ne7+ Rxe7 40. Qxe7 Rd7 41. Qh4 Kb7
42. Be3 Rd6 43. Qe7+ Kc8 44. Qxd6 Kb7 45. Qd7+ Nc7 46. f4 Kb8
47. fxe5 Qb3 48. Rf7 1-0

[Event "FIDE Online Olympiad"]
[Site "Chess.com"]
[Date "2020.08.02"]
[EventDate "2020.07.31"]
[Round "9"]
[Result "1-0"]
[White "Susan Namangale"]
[Black "Grace Christie Youwou Pedhom"]
[WhiteElo "1343"]
[BlackElo "1360"]
[PlyCount "73"]

1. d4 d5 2. Nf3 g6 3. g3 Nf6 4. Bg2 Bg7 5. e3 O-O 6. O-O c6
7. Na3 Bf5 8. h3 Re8 9. c4 Nbd7 10. c5 b6 11. Ne5 Nxe5
12. dxe5 Ne4 13. g4 Bd7 14. f4 Nxc5 15. b4 Ne4 16. Bb2 e6
17. g5 Ng3 18. Rf2 Ne4 19. h4 Nxf2 20. Kxf2 f5 21. exf6 Bf8
22. h5 e5 23. Qh1 Bf5 24. Bf3 exf4 25. exf4 Bxb4 26. hxg6 Bxg6
27. Bh5 Bc5+ 28. Kg3 Re6 29. Bxg6 hxg6 30. Qh6 Re3+ 31. Kh4
Kf7 32. Qg7+ Ke6 33. Kg4 Bxa3 34. Bxa3 Rxa3 35. Re1+ Kd6
36. Qxg6 Qe8 37. Rxe8 1-0

[Event "FIDE Online Olympiad"]
[Site "Chess.com"]
[Date "2020.08.02"]
[EventDate "2020.07.31"]
[Round "9"]
[Result "1-0"]
[White "Aydagnuhem Gezachew Abera"]
[Black "Khalema Sechaba"]
[WhiteElo "2074"]
[BlackElo "1827"]
[PlyCount "115"]

1. e4 e5 2. Nf3 Nc6 3. Bc4 Be7 4. O-O Nf6 5. Nc3 d6 6. d4 Bg4
7. Be3 O-O 8. dxe5 Nxe5 9. Be2 Ng6 10. Qd2 Nd7 11. Rad1 Bf6
12. Bd4 Re8 13. Rfe1 a6 14. h3 Be6 15. Nd5 Bxd5 16. exd5 Re7
17. Bd3 Rxe1+ 18. Rxe1 Bxd4 19. Nxd4 Qf6 20. c3 Nde5 21. Bxg6
Nxg6 22. Qe3 Kf8 23. Nf3 h6 24. Qe4 Qf4 25. Nd4 Qxe4 26. Rxe4
Ne7 27. c4 b6 28. Kf1 g6 29. Ke2 Ng8 30. Nc6 Re8 31. Ke3 Nf6
32. Rxe8+ Kxe8 33. b4 Nd7 34. f4 f5 35. a4 Kf7 36. Nd8+ Ke7
37. Ne6 b5 38. cxb5 axb5 39. a5 Nb8 40. Nxc7 Kd7 41. Nxb5 Na6
42. Kd4 Nxb4 43. Kc4 Na6 44. Nd4 Nc7 45. Nc6 Na6 46. Nd4 Nc7
47. Ne6 Ne8 48. Nf8+ Kc7 49. Nxg6 Kd7 50. a6 Kc7 51. Ne7 Kb6
52. Nxf5 Kxa6 53. Nxh6 Kb6 54. g4 Kc7 55. g5 Kd7 56. f5 Ke7
57. f6+ Kf8 58. h4 1-0

[Event "FIDE Online Olympiad"]
[Site "Chess.com"]
[Date "2020.08.02"]
[EventDate "2020.07.31"]
[Round "9"]
[Result "1-0"]
[White "Maroun Tomb"]
[Black "Simelane Wandile"]
[WhiteElo "2177"]
[BlackElo "1560"]
[PlyCount "54"]

1. e4 c5 2. Ne2 d6 3. g3 Nf6 4. Bg2 e6 5. O-O Be7 6. c3 O-O
7. d4 cxd4 8. cxd4 Qc7 9. Nbc3 a6 10. Be3 Nbd7 11. Rc1 Qd8
12. h3 Rb8 13. f4 b5 14. e5 dxe5 15. fxe5 Ne8 16. Ne4 Bb7
17. Nf4 Nc7 18. Qg4 Nd5 19. Nh5 g6 20. Bh6 f5 21. exf6 N7xf6
22. Qxe6+ Rf7 23. Nhxf6+ Nxf6 24. Nxf6+ Bxf6 25. Bxb7 Rbxb7
26. Rc8 Bxd4+ 27. Kg2 Bb6 1-0

[Event "FIDE Online Olympiad"]
[Site "Chess.com"]
[Date "2020.08.02"]
[EventDate "2020.07.31"]
[Round "9"]
[Result "1-0"]
[White "Mkhonto Nosimilo"]
[Black "Danielle Bedrosian"]
[WhiteElo "1327"]
[BlackElo "1668"]
[PlyCount "75"]

1. e4 b6 2. Nf3 Bb7 3. Nc3 d6 4. Bc4 e6 5. O-O Nd7 6. d3 g6
7. Bg5 Ne7 8. Ne2 Bg7 9. c3 h6 10. Be3 O-O 11. Qd2 Kh7 12. Ng3
a6 13. d4 d5 14. exd5 Nxd5 15. Bd3 Nxe3 16. Qxe3 Nf6 17. h3
Qd5 18. c4 Qd7 19. Ne5 Qe7 20. h4 Ng8 21. h5 Bxe5 22. Qxe5 Qd6
23. Qxd6 cxd6 24. hxg6+ fxg6 25. Rfe1 Rae8 26. Re3 Kg7
27. Rae1 Rf7 28. Rxe6 Rxe6 29. Rxe6 Rd7 30. Rxg6+ Kf7 31. Rg4
Re7 32. Rf4+ Kg7 33. d5 Re1+ 34. Kh2 Rd1 35. Nh5+ Kh8 36. Bg6
Rd2 37. Rf7 Bc8 38. Rh7# 1-0

[Event "FIDE Online Olympiad"]
[Site "Chess.com"]
[Date "2020.08.02"]
[EventDate "2020.07.31"]
[Round "9"]
[Result "1-0"]
[White "Amani Ali Khan"]
[Black "Mkhonta Nokuthula"]
[WhiteElo "1384"]
[BlackElo "1252"]
[PlyCount "157"]

1. e4 e5 2. Nf3 Nc6 3. Bc4 h6 4. d3 Nf6 5. c3 d6 6. h3 Na5
7. Bb5+ c6 8. Ba4 b5 9. Bc2 Be7 10. Nbd2 O-O 11. Nf1 Bb7
12. Ng3 Bc8 13. Qe2 Be6 14. O-O a6 15. Nf5 Bxf5 16. exf5 Qd7
17. Re1 Rfe8 18. Nh2 Nb7 19. Qf3 c5 20. Qg3 Qxf5 21. Bd1 Nh5
22. Bxh5 Qxh5 23. Ng4 Bg5 24. Bxg5 Qxg5 25. Qf3 Na5 26. Re3
Rac8 27. Rae1 Nc6 28. Nh2 f5 29. Qd5+ Kh8 30. Qxd6 f4 31. Nf3
Qf6 32. Qxf6 gxf6 33. R3e2 Rcd8 34. Rd2 a5 35. Nh4 Kh7 36. Nf5
Rg8 37. Re4 f3 38. g3 c4 39. Rh4 Rg6 40. d4 exd4 41. cxd4 b4
42. d5 Ne5 43. d6 c3 44. bxc3 bxc3 45. Rc2 Nf7 46. Rxc3 Nxd6
47. Nxd6 Rxd6 48. Rxf3 Rd1+ 49. Kg2 Kg7 50. Ra4 Rd5 51. Rfa3
Rgg5 52. h4 Rgf5 53. Rg4+ Kf7 54. Rb3 h5 55. Rb7+ Ke6 56. Rgg7
Rd2 57. Rbe7+ Kd6 58. Rd7+ Kc5 59. Rxd2 Kb4 60. Rc7 Rc5
61. Rxc5 Kxc5 62. Kf3 Kc4 63. Kf4 Kc3 64. Re2 a4 65. Kf5 Kd3
66. Re3+ Kc2 67. Kxf6 Kb2 68. Re2+ Ka3 69. f4 Kb4 70. Ke6 a3
71. f5 Kc3 72. f6 Kd3 73. Rf2 Ke3 74. Rf5 Kd2 75. f7 Kc2
76. f8=Q Kb2 77. Rf2+ Ka1 78. Qf3 Kb1 79. Qd1# 1-0

[Event "FIDE Online Olympiad"]
[Site "Chess.com"]
[Date "2020.08.02"]
[EventDate "2020.07.31"]
[Round "7"]
[Result "1-0"]
[White "Manuel Alberto"]
[Black "Jean Louis Marckens"]
[WhiteElo "2106"]
[BlackElo "2053"]
[PlyCount "139"]

1. e4 c6 2. d4 d5 3. Nc3 dxe4 4. Nxe4 Nf6 5. Ng5 h6 6. N5f3
Bg4 7. h3 Bh5 8. Bc4 e6 9. c3 Nbd7 10. Qe2 Nb6 11. Bd3 Bxf3
12. Nxf3 Bd6 13. Bd2 c5 14. O-O-O Qc7 15. Bb5+ Nbd7 16. dxc5
Qxc5 17. Be3 Qc7 18. Qd3 Bf4 19. Kb1 Bxe3 20. Qxe3 O-O 21. g4
Nd5 22. Qd2 Ne5 23. Nd4 a6 24. Be2 Nc6 25. g5 Nxd4 26. Qxd4
hxg5 27. h4 Qf4 28. hxg5 Qxd4 29. Rxd4 Rfd8 30. Rdh4 Kf8
31. Rh7 g6 32. Bf3 Ke7 33. Be4 Rg8 34. Bxd5 exd5 35. Re1+ Kf8
36. Re5 Rd8 37. Kc2 d4 38. c4 d3+ 39. Kd2 Rd4 40. b3 Rg7
41. Rh8+ Rg8 42. Rxg8+ Kxg8 43. Rd5 Re4 44. Kxd3 Re7 45. Rd8+
Kg7 46. f4 f6 47. Rd6 fxg5 48. fxg5 Kf7 49. Kd4 Rc7 50. b4 Re7
51. a4 Rc7 52. a5 Re7 53. Kd5 Rc7 54. Rf6+ Kg7 55. Rb6 Kf7
56. c5 Rd7+ 57. Rd6 Rc7 58. c6 bxc6+ 59. Rxc6 Rd7+ 60. Kc5 Re7
61. Rxa6 Re5+ 62. Kc6 Rxg5 63. b5 Rg1 64. b6 Ke6 65. b7 Rc1+
66. Kb6 Rb1+ 67. Ka7+ Kf5 68. Rb6 Ra1 69. a6 g5 70. b8=Q 1-0

[Event "FIDE Online Olympiad"]
[Site "Chess.com"]
[Date "2020.08.02"]
[EventDate "2020.07.31"]
[Round "7"]
[Result "1-0"]
[White "Esperanca Caxita"]
[Black "Rose Berline Seine"]
[WhiteElo "1837"]
[BlackElo "1679"]
[PlyCount "49"]

1. e4 e5 2. Nf3 Nc6 3. Bc4 Bc5 4. c3 h6 5. O-O d6 6. d4 exd4
7. cxd4 Bb6 8. h3 Nf6 9. Nc3 O-O 10. Re1 Re8 11. a3 a6 12. b4
d5 13. Bxd5 Nxd5 14. Nxd5 Ba7 15. Bb2 f5 16. Nf4 fxe4 17. Ne5
Nxd4 18. Rxe4 Nf5 19. Qb3+ Kh7 20. Rd1 Nd6 21. Ree1 Qg5
22. Neg6 Rxe1+ 23. Rxe1 Bf5 24. Qc3 Rg8 25. Re7 1-0

[Event "FIDE Online Olympiad"]
[Site "Chess.com"]
[Date "2020.08.02"]
[EventDate "2020.07.31"]
[Round "7"]
[Result "1-0"]
[White "Diego Zilleruelo Irizarry"]
[Black "Koffi Botsoe"]
[WhiteElo "2119"]
[BlackElo "1570"]
[PlyCount "83"]

1. e4 e5 2. Nf3 Nc6 3. Bb5 a6 4. Ba4 Nf6 5. O-O b5 6. Bb3 Be7
7. d3 d6 8. a3 Be6 9. Bxe6 fxe6 10. Ng5 Qd7 11. f4 O-O 12. Nc3
h6 13. Nh3 exf4 14. Nxf4 Rf7 15. Ng6 e5 16. h3 Re8 17. Nxe7+
Nxe7 18. Be3 Ref8 19. Qe2 c5 20. b3 Qc6 21. Rf2 Kh7 22. Raf1
Ng6 23. Nd5 Nh4 24. Nxf6+ Rxf6 25. Rxf6 Rxf6 26. Rxf6 gxf6
27. Qh5 f5 28. Qxh6+ Kg8 29. Qxh4 f4 30. Bf2 c4 31. Qg4+ Kf7
32. Qf5+ Ke8 33. Qe6+ Kd8 34. bxc4 bxc4 35. dxc4 Kc7 36. c5
dxc5 37. Qxe5+ Qd6 38. Qxc5+ Qxc5 39. Bxc5 Kc6 40. Bd4 Kb5
41. h4 Kc6 42. h5 1-0

[Event "FIDE Online Olympiad"]
[Site "Chess.com"]
[Date "2020.08.02"]
[EventDate "2020.07.31"]
[Round "7"]
[Result "1-0"]
[White "Francis Eric Anquandah"]
[Black "Shadi Alqawasme"]
[WhiteElo "2031"]
[BlackElo "1789"]
[PlyCount "59"]

1. e4 e5 2. Nf3 Nc6 3. Bc4 Be7 4. d4 exd4 5. c3 d6 6. cxd4 Nf6
7. Nc3 Bg4 8. Be3 O-O 9. Qd2 a6 10. h3 Bh5 11. Bd3 Re8
12. O-O-O b5 13. Nd5 Bg6 14. Nxf6+ Bxf6 15. Bc2 Bxe4 16. Bxe4
Rxe4 17. g4 g6 18. g5 Bg7 19. h4 Qd7 20. d5 Ne7 21. Kb1 Qf5
22. Qc2 Qf4 23. Bxf4 Rxf4 24. Qxc7 Nf5 25. Nd2 Rxf2 26. Rhf1
Rh2 27. Rxf5 gxf5 28. Qxd6 Rxh4 29. Qc6 Rd8 30. Re1 1-0

[Event "FIDE Online Olympiad"]
[Site "Chess.com"]
[Date "2020.08.02"]
[EventDate "2020.07.31"]
[Round "7"]
[Result "1-0"]
[White "Rahaf Faqeeh"]
[Black "Tobi Felix"]
[WhiteElo "1444"]
[BlackElo "1465"]
[PlyCount "63"]

1. c4 d5 2. cxd5 Qxd5 3. Nc3 Qd8 4. g3 Nf6 5. Bg2 c6 6. d3 h6
7. Nf3 Bf5 8. O-O e6 9. b3 Be7 10. Bb2 Nbd7 11. Nd2 Qb6
12. Nce4 O-O 13. Nc4 Qc7 14. Nxf6+ Nxf6 15. Be5 Qd7 16. Rc1
Ng4 17. Bb2 Bg5 18. f4 Be7 19. e4 Bc5+ 20. d4 b5 21. Ne5 Ne3
22. Nxd7 Nxd1 23. Rfxd1 Bg4 24. Nxf8 Bxd1 25. dxc5 Rxf8
26. Rxd1 Rc8 27. e5 a5 28. Rd6 Kf8 29. Rxc6 Rd8 30. Rd6 Rc8
31. c6 b4 32. Bd4 1-0